=LDR 00000nam 2200000 4500 =001 INLIS000000000014600 =005 20130612105858 =008 ***********************************ind** =035 ##$$0010-061300000014600 =041 ##$$a ind =082 ##$$a 634.1 =090 ##$$a 634.16, Sul b =100 ##$$a Sularso, R Bambang =245 ##$$a Budidaya apel, R. Bambang sularso =260 ##$$a 1997 $b Yogyakarta =300 ##$$a 70 Hlm, Ilus, 21 Cm =650 ##$$a Apel Budidaya =850 ##$$a NBPNMAT